00791nam a2200205 a 450000100100000000500170001000800410002702000150006804000250008324500610010826000340016930000200020349000430022350400730026670000290033971000450036883000500041395201050046399900170056800004278320201002040408.0140210s1995 sp 000 0 spa d a8489365172 aDO-SdBNPbspacBNPHU03aEl Camino de Santiago /cdirigido por, Luis Blanco Vila. aMadrid :bComplutense,c1995. a98 p. ;c24 cm.1 aCursos de verano de El Escorialv93-94 aIncluye referencias bibliográficas y notas al pie de las páginas1 aBlanco Vila, Luis9701272 aUniversidad Complutense de Madrid970128 0aCursos de verano de El Escorialv93-94970129 001050718MOaGRbGRcCTd2014-02-10iLF1l0o p42783-10r2020-06-25w2020-06-25y1ZNo se presta c42272d42272